Busiest Airports in Russia - Statistics

General Stats
  • This quiz has been taken 185 times
  • The average score is 21 of 35
Answer Stats
# Airport IATA % Correct
28.3 m Moscow Domodedovo DME
100%
49.4 m Moscow Sheremetyevo SVO
100%
24.0 m Moscow Vnukovo VKO
99%
19.6 m Saint Petersburg Pulkovo LED
99%
1.32 m Moscow Zhukovsky ZIA
97%
3.08 m Vladivostok VVO
91%
3.47 m Kazan KZN
86%
6.76 m Sochi AER
85%
6.57 m Novosibirsk Tolmachevo OVB
82%
6.23 m Yekaterinburg Koltsovo SVX
81%
3.06 m Rostov Platov ROV
79%
3.00 m Samara Kurumoch KUF
76%
1.35 m Omsk Central OMS
75%
1.21 m Volgograd VOG
74%
4.63 m Krasnodar Pashkovsky KRR
67%
1.03 m Murmansk MMK
67%
1.11 m Nizhny Novgorod Strigino GOJ
67%
3.56 m Ufa UFA
67%
2.43 m Irkutsk IKT
61%
1.65 m Perm Bolshoye Savino PEE
61%
1.71 m Chelyabinsk Balandino CEK
60%
2.37 m Kaliningrad Khrabrovo KGD
55%
2.48 m Krasnoyarsk Yemelyanovo KJA
55%
857 k Voronezh Chertovitskoye VOZ
51%
923 k Arkhangelsk Talagi ARH
50%
950 k Yakutsk YKS
44%
2.19 m Khabarovsk KHV
41%
1.50 m Makhachkala Uytash MCX
33%
784 k Orenburg Central REN
33%
2.04 m Tyumen Roschino TJM
30%
1.21 m Yuzhno-Sakhalinsk UUS
23%
2.53 m Mineralnye Vody MRV
19%
1.87 m Surgut SGC
14%
1.64 m Anapa Vityazevo AAQ
8%
974 k Novy Urengoy NUX
5%
No matching quizzes found
Score Distribution
Percent of People with Each Score
Percentile by Number Answered
Your Score History
You have not taken this quiz